| 000 | 01662nam a2200385 c 4500 | ||
|---|---|---|---|
| 001 | 59755 | ||
| 003 | CO-BoRNBP | ||
| 005 | 20251104214500.0 | ||
| 007 | ta | ||
| 008 | 201209s2020 ck o|||er|||| 00| 0aspa d | ||
| 020 | _a9789586656450 | ||
| 040 |
_aCO-BoRNBP _bspa _erda _cCO-BoRNBP |
||
| 041 | 0 | _aspa | |
| 082 | 0 | 4 |
_a923.31 _bC17c _222 |
| 100 |
_aCastro Hinestroza, Rudecindo _d1948- _eaut _966509 |
||
| 245 | 1 | 0 |
_aCalle caliente : _bmemorias de un cimarrón contemporáneo / _cRudecindo Castro, Carlos Andrés Meza ; prólogo de Jaime Arocha Rodríguez. |
| 250 | _aEdición especial | ||
| 264 | 1 |
_aBogotá, Colombia : _bSiglo del Hombre Editores, _c2020 |
|
| 300 |
_a361 páginas : _bilustraciones, fotografías |
||
| 336 |
_2rdacontent _atexto _btxt |
||
| 337 |
_2rdamedia _asin mediación _bn |
||
| 338 |
_2rdacarrier _avolumen _bnc |
||
| 490 | 0 | _aPlan Nacional de Lectura y Escritura Leer es mi Cuento / Ministerio de Cultura | |
| 504 | _aIncluye bibliografía al final del texto | ||
| 521 | _aRecomendado para público adulto | ||
| 600 | 0 |
_aCastro Hinestroza, Rudecindo _d1948- _vBiografías _966510 |
|
| 650 | 0 | 7 |
_aAfrocolombianos _xAspectos sociales _vBiografías _2LEMB _966511 |
| 650 | 0 | 7 |
_aAfrocolombianos _xCostumbres y prácticas _zPacífico (Región, Colombia) _2LEMB _966512 |
| 650 | 0 | 7 |
_aIdentidad cultural _vRelatos personales _zPacífico (Región, Colombia) _2lemb _966513 |
| 650 | 0 | 7 |
_aMovimientos sociales _xHistoria _zPacífico (Región, Colombia) _2lemb _966514 |
| 650 | 0 | 0 |
_aPacífico (Región, Colombia) _2LEMB _961554 |
| 700 |
_aMeza, Carlos Andrés _eaut _966515 |
||
| 700 |
_aArocha Rodríguez, Jaime _d1945- , _ewfw _966516 |
||
| 942 |
_2ddc _cBK |
||
| 999 |
_c59755 _d59755 |
||